Biblioteca

Biblia del Peregrino (Registro nro. 31641)

Detalles MARC
000 -LÍDER
Campo fijo de descripción fija 01017aam a2200325 i 4500
001 - NÚMERO DE CONTROL
Campo de control 768714001
003 - IDENTIFICADOR DEL NÚMERO DE CONTROL
Campo de control CO-MdFUSB
005 - FECHA Y HORA DE LA ULTIMA TRANSACCIÓN
control field 20260127120945.0
007 - CAMPO FIJO DE DESCRIPCIÓN FIJA--INFORMACIÓN GENERAL
Campo fijo de descripción fija ta
008 - ELEMENTOS DE LONGITUD FIJA -- INFORMACIÓN GENERAL
Campo fijo de descripción fija -- Información general 160528t1998 sp f |||| 00| 0 spa d
020 ## - NÚMERO INTERNACIONAL NORMALIZADO PARA LIBROS
Número Internacional Normalizado del libro 84-271-2009-5
040 ## - FUENTE DE CATALOGACIÓN
Agencia de catalogación original CO-MdFUSB
Idioma de catalogación Español
Agencia que realiza la transcripción CO-MdFUSB
Agencia que realiza la modificación CO-MdFUSB
041 0# - CÓDIGO DE IDIOMA
Código de idioma para texto/pista de sonido o título separado spa
082 04 - NÚMERO DE CLASIFICACIÓN DECIMAL DEWEY
Número de la edición del Dewey 23
Número de clasificación 220.546
Clave de autor-Numero de item S337b
100 1# - ASIENTO PRINCIPAL--NOMBRE PERSONAL
Nombre personal Alonso Schokel, Luis (1920-1998)
Término relacionador autor
245 10 - TÍTULO
Título del Material Biblia del Peregrino
Parte restante del título - Subtitulo : edición de estudio
Mención de responsabilidad, etc. / Luis Alonso Schökel
250 ## - MENCIÓN DE EDICIÓN
Mención de edición tercera edición
264 #1 - PRODUCCIÓN, PUBLICACIÓN, DISTRIBUCIÓN, MANUFACTURA, Y COPYRIGHT
Lugar de producción, publicación, distribución, manufactura Bilbao, España
Nombre del productor, publicador, distribuidor : Mensajero,
Fecha de producción, publicación, distribución, manufactura, o copyright [1998]
264 #4 - PRODUCCIÓN, PUBLICACIÓN, DISTRIBUCIÓN, MANUFACTURA, Y COPYRIGHT
Fecha de producción, publicación, distribución, manufactura, o copyright ©1998
300 ## - DESCRIPCIÓN FÍSICA
Extensión 1095 páginas
Dimensiones ; 25 cm
336 ## - TIPO DE CONTENIDO
Fuente rdacontent
Término de tipo de contenido texto
Código de tipo de contenido txt
337 ## - TIPO DE MEDIO
Fuente rdamedia
Nombre del tipo de medio sin mediación
Código del tipo de medio n
338 ## - TIPO DE SOPORTE
Fuente rdacarrier
Nombre del tipo de soporte volumen
Código Tipo de soporte nc
505 ## - NOTA DE CONTENIDO
Nota de contenido con formato preestablecido Vol. 1: Antiguo Testamento: Prosa. -- Vol. 2 Antiguo Testamento: Poesía. -- Vol. 3: Nuevo Testamento
563 ## - NOTA DE ENCUADERNACIÓN
Nota de encuadernación Pasta dura
630 07 - TITULO UNIFORME
Título uniforme Biblia
Subdivisión de materia general Autoridad
653 ## - TÉRMINO DE INDIZACIÓN - NO CONTROLADO
Término no controlado Versiones de la Biblia
942 ## - TIPO DE MATERIAL (KOHA)
Tipo de Item KOHA Libros General
945 ## - INFORMACIÓN LOCAL DEL REGISTRO
Catalogador JTF-925
Existencias
Estado de Material Estado de Perdido Forma de Clasificación Estado de Dañado No para Préstamo Colección Tomo Biblioteca de Origen Biblioteca Permanente Fecha de Adquisición Área Total de Préstamos Signatura Topográfica Código de Barras Última vez visto Última vez Préstado Ejemplar/Existencia Fecha de Remplazo Tipo de Material Total de Renovaciones
    Dewey Decimal Classification     Colección General   Biblioteca FUSBC Biblioteca FUSBC 26/01/2026 BIBLIA 8 G 220.546 S337b 7859 16/04/2026 07/04/2026 Vol. 1, ej. 1 26/01/2016 Libros General  
    Dewey Decimal Classification     Colección General   Biblioteca FUSBC Biblioteca FUSBC 26/01/2026 BIBLIA 2 G 220.546 S337b 7861 06/03/2026 20/02/2026 Vol. 3, ej. 1 26/01/2016 Libros General 1
    Dewey Decimal Classification     Colección General   Biblioteca FUSBC Biblioteca FUSBC 26/01/2026 BIBLIA 5 G 220.546 S337b 7860 09/04/2026 08/04/2026 Vol. 2, ej. 1 26/01/2016 Libros General  
    Dewey Decimal Classification     Colección de Referencia   Biblioteca FUSBC Biblioteca FUSBC 26/01/2026 BIBLIA   R 220.546 S337b 23935 26/01/2026   Vol. 1, ej. 2 26/01/2016 Libros de Referencia  
    Dewey Decimal Classification     Colección de Referencia   Biblioteca FUSBC Biblioteca FUSBC 26/01/2026 BIBLIA   R 220.546 S337b 23936 26/01/2026   Vol. 2, ej. 1 26/01/2016 Libros de Referencia  
    Dewey Decimal Classification     Colección de Referencia   Biblioteca FUSBC Biblioteca FUSBC 26/01/2026 BIBLIA   R 220.546 S337b 23937 26/01/2026   Vol. 2, ej. 2 26/01/2016 Libros de Referencia  
    Dewey Decimal Classification     Colección de Referencia   Biblioteca FUSBC Biblioteca FUSBC 26/01/2026 BIBLIA   R 220.546 S337b 23938 26/01/2026   Vol. 3, ej. 1 26/01/2016 Libros de Referencia  
    Dewey Decimal Classification     Colección de Referencia   Biblioteca FUSBC Biblioteca FUSBC 26/01/2026 BIBLIA   R 220.546 S337b 23939 26/01/2026   Vol. 3, ej. 2 26/01/2016 Libros de Referencia  
    Dewey Decimal Classification     Colección de Referencia   Biblioteca FUSBC Biblioteca FUSBC 11/02/2026 BIBLIA   R 220.546 S337b 23934 11/02/2026   Vol. 1, ej. 1 11/02/2026 Libros de Referencia  

Biblioteca FUSBC | Teléfono: (57+4) 349 88 10 Ext. 141| WhatsApp (+57) 3005338115 
E-mail: biblioteca@unisbc.edu.co | Calle 76 87-14 Robledo Palenque, Medellín, Colombia

Con tecnología Koha